Apertura comercial y ajuste de las empresas/
Gorde:
| Egile nagusia: | |
|---|---|
| Beste egile batzuk: | |
| Formatua: | Ezezaguna |
| Argitaratua: |
San José:
Academia de Centroamérica; CINDE
|
| Gaiak: | |
| Etiketak: |
Etiketa erantsi
Etiketarik gabe, Izan zaitez lehena erregistro honi etiketa jartzen!
|
MARC
| LEADER | 00000 a2200000 04500 | ||
|---|---|---|---|
| 001 | 10280 | ||
| 003 | |||
| 008 | 991231s d | ||
| 040 | |||
| 090 | |a 135609 | ||
| 100 | 1 | |a Camacho Mejía, Edna | |
| 245 | |a Apertura comercial y ajuste de las empresas/ |c Edna Camacho Mejía | ||
| 260 | |a San José: |b Academia de Centroamérica; CINDE | ||
| 300 | |a xv, 262 p. | ||
| 650 | |a EMPRESAS | ||
| 650 | |a PRODUCCION | ||
| 650 | |a EXPORTACIONES | ||
| 650 | |a DIVERSIFICACION DE LA PRODUCCION | ||
| 650 | |a MERCADO | ||
| 650 | |a MANO DE OBRA | ||
| 650 | |a TECNOLOGIA | ||
| 650 | |a FINANCIAMIENTO | ||
| 700 | |a | ||
| 700 | |a González Vega, Claudio | ||
| 700 | |a | ||
| 999 | |c 10242 |d 10242 | ||
